[Event "White Nights Open 2006"]
[Site "St. Petersburg RUS"]
[Date "2006.06.28"]
[Round "6.52"]
[White "Gugnin, Rostislav"]
[Black "Kudriavtsev, Yury"]
[Result "1/2-1/2"]
[WhiteElo "2088"]
[BlackElo "1982"]
[PlyCount "138"]
[EventDate "2006.06.22"]
[EventType "swiss"]
[EventRounds "9"]
[EventCountry "RUS"]
[Source "lmi"]
[SourceDate "2006.06.29"]

1. e4 e6 2. Nc3 d5 3. Nf3 Nf6 4. e5 Nfd7 5. d4 c5 6. Bb5 Nc6 7. O-O cxd4 8.
Nxd4 Ncxe5 9. Re1 Be7 10. Rxe5 O-O 11. Re1 Bf6 12. Nf3 a6 13. Bd3 b5 14. a3 Bb7
15. Bf4 Re8 16. Ne5 Nf8 17. Qg4 Rc8 18. Ne2 Qb6 19. Ng3 g6 20. Nh5 Bh8 21. Qg5
Qd8 22. Qxd8 Rexd8 23. Ng3 f6 24. Ng4 e5 25. Bc1 e4 26. Be2 Rxc2 27. Bd1 Rcc8
28. Bb3 f5 29. Nh6+ Kg7 30. Bg5 Rd7 31. h4 Ne6 32. Rad1 Kf8 33. Bc1 Bf6 34.
Nhxf5 gxf5 35. Nxf5 Nc5 36. Bc2 d4 37. Bh6+ Kf7 38. b4 Na4 39. Bb3+ Kg6 40. Be6
Rcd8 41. Bf4 Nb2 42. Bxd7 Rxd7 43. g4 Nxd1 44. h5+ Kf7 45. Rxd1 d3 46. Nd6+ Ke6
47. Nxb7 Rxb7 48. Rc1 Rd7 49. Rc6+ Kf7 50. Bd2 h6 51. Kf1 Bg5 52. Ke1 Rd5 53.
Rxa6 Bxd2+ 54. Kxd2 Rg5 55. Rxh6 Rxg4 56. Rb6 Rf4 57. Ke3 Rf3+ 58. Kxe4 d2 59.
Rd6 Rxf2 60. Ke3 Rh2 61. Rxd2 Rxh5 62. Kd4 Ke6 63. Kc3 Rh3+ 64. Rd3 Rh1 65. Kb3
Rb1+ 66. Kc2 Rh1 67. Kb2 Rg1 68. Kb3 Rb1+ 69. Kc3 Rh1 1/2-1/2

[Event "White Nights Open 2006"]
[Site "St. Petersburg RUS"]
[Date "2006.06.28"]
[Round "6.55"]
[White "Stroganov, Anatoly"]
[Black "Chuvakov, Nikolay"]
[Result "0-1"]
[WhiteElo "1940"]
[BlackElo "1815"]
[PlyCount "86"]
[EventDate "2006.06.22"]
[EventType "swiss"]
[EventRounds "9"]
[EventCountry "RUS"]
[Source "lmi"]
[SourceDate "2006.06.29"]

1. d4 Nf6 2. Nf3 e6 3. e3 d5 4. Bd3 Be7 5. Nbd2 O-O 6. Ne5 Nbd7 7. f4 Re8 8.
O-O c6 9. Rf3 Nf8 10. c3 N6d7 11. Rh3 f5 12. Qh5 Nxe5 13. fxe5 Qd7 14. Nf3 Bd8
15. Rg3 Qf7 16. Qh3 Be7 17. Bd2 Bd7 18. Rf1 Red8 19. Bc1 Be8 20. Ng5 Qh5 21.
Nf3 Qxh3 22. Rxh3 Rd7 23. Rg3 Bg6 24. Rd1 c5 25. Be2 c4 26. h4 Bh5 27. Rh3 b5
28. a3 a5 29. Bd2 Rb8 30. Kf2 b4 31. axb4 axb4 32. Rhh1 Ra7 33. Ra1 Rxa1 34.
Rxa1 bxc3 35. Bxc3 Bxf3 36. gxf3 Bxh4+ 37. Kg2 Be7 38. e4 Bb4 39. exd5 Bxc3 40.
bxc3 exd5 41. Ra5 Rd8 42. Rb5 Ne6 43. Rb6 Nf4+ 0-1